Normal view
MARC view
- Dr Naveed Ahmad
Entry Personal Name
001 - CONTROL NUMBER
- control field: 118070
003 - CONTROL NUMBER IDENTIFIER
- control field: NUST
005 - DATE AND TIME OF LATEST TRANSACTION
- control field: 20230921155755.0
008 - FIXED-LENGTH DATA ELEMENTS
- fixed length control field: 230921|| aca||aabn | a|a d
040 ## - CATALOGING SOURCE
- Original cataloging agency: NUST
- Transcribing agency: NUST
100 ## - HEADING--PERSONAL NAME
- Personal name: Dr Naveed Ahmad
670 ## - SOURCE DATA FOUND
- Source citation: Work cat.: (NUST)602045: Muhammad Shoaib (00000275603) 116697, Thermal Management of Solar PV Module by Hollow Circular Fins Integrated with Phase Change Material /, 2022
